| 000 | 00606nam a2200205Ia 4500 | ||
|---|---|---|---|
| 003 | GCL | ||
| 008 | 140319s9999 xx 000 0 ara d | ||
| 040 |
_aGCL / _cGCL |
||
| 082 | 0 | 4 |
_a414.3 _bم ت |
| 100 | 1 | _aمحمد مفتاح | |
| 245 | 1 | 0 |
_aتحليل الخطاب الشعرى: استرتيجية التناص / _cمحمد مفتاح |
| 260 |
_a[S.N] : _bالمركز الثقافى العربى ، _c1986 |
||
| 300 | _a359 ص | ||
| 490 | _a | ||
| 650 | 0 | 4 | _aالشعر العربى |
| 650 | 0 | 4 | _aالبلاغة |
| 650 | 0 | 4 | _aعلم الاسلوب |
| 650 | 0 | 4 | _aالتناص |
| 942 |
_2ddc _cBK |
||
| 999 |
_c55377 _d55377 |
||